000 00284nam a2200097Ia 4500
001 642511
005 20250826153528.0
008 250824s9999 xx 000 0 und d
245 0 _aSEKSEN GÜNDE DEVRİALEM ANTİK DÜNYA KLASİKLERİ
_cJULES VERNE
260 _bANTİK DÜNYA KLASİKLERİ
999 _c642511
_d642511